| 000 | 00342nam a2200145Ia 4500 | ||
|---|---|---|---|
| 008 | 230711s9999||||xx |||||||||||||| ||und|| | ||
| 041 | _aENG | ||
| 082 |
_a800 _bAH-S |
||
| 100 | _aAhuja,B.N | ||
| 245 | 2 | _aA handbook of sports and games | |
| 250 | _a1st | ||
| 260 |
_c1992 _aNew Delhi _bKiran Book Agency |
||
| 650 | _aLiterature | ||
| 942 | _cBK | ||
| 999 |
_c3184 _d3184 |
||